| 000 -LEADER |
| fixed length control field |
02433nam a22004217 4500 |
| 003 - CONTROL NUMBER IDENTIFIER |
| control field |
AR-BaISA |
| 005 - DATE AND TIME OF LATEST TRANSACTION |
| control field |
20230711144320.0 |
| 007 - PHYSICAL DESCRIPTION FIXED FIELD--GENERAL INFORMATION |
| fixed length control field |
ta |
| 008 - FIXED-LENGTH DATA ELEMENTS--GENERAL INFORMATION |
| fixed length control field |
230711s2021 ag |||| |||| 000 0 spa d |
| 020 ## - INTERNATIONAL STANDARD BOOK NUMBER |
| International Standard Book Number |
9789878407449 |
| 040 ## - CATALOGING SOURCE |
| Language of cataloging |
spa |
| Transcribing agency |
AR-BaISA |
| 082 04 - DEWEY DECIMAL CLASSIFICATION NUMBER |
| Edition number |
22 |
| Classification number |
150.195 Is1 |
| 245 03 - TITLE STATEMENT |
| Title |
La urgencia en la formación del analista / |
| Statement of responsibility, etc. |
Lisandro Isasa compilador, Lucila López compiladora; Guillermo Belaga, Alfredo Carballeda, Mariano Castelli, Silvina Gamsie, Ricardo Mauro, Juan Mitre, Marianela Pratti, Laura Reale, María Marta Rodríguez, Silvana Rossi, Gabriela Salomón, Adriana Soto, Carlos Tisera, Inés Tomé; prólogo por Emilio Vaschetto |
| 260 ## - PUBLICATION, DISTRIBUTION, ETC. |
| Place of publication, distribution, etc. |
Buenos Aires: |
| Name of publisher, distributor, etc. |
La Docta Ignorancia, |
| Date of publication, distribution, etc. |
2021 |
| 300 ## - PHYSICAL DESCRIPTION |
| Extent |
222 p. |
| 504 ## - BIBLIOGRAPHY, ETC. NOTE |
| Bibliography, etc. note |
Bibliografía p.: 203-215. |
| 505 ## - FORMATTED CONTENTS NOTE |
| Title |
Guillermo Belaga / La urgencia subjetiva es un concepto en la formación del analista -- |
| -- |
Ricardo Mauro / La urgencia del ausente -- |
| -- |
Silvina Gamsie / Lo urgente en la infancia -- |
| -- |
Lucila López / El riesgo en juego. Algunas puntualizaciones para pensar la urgencia en niños y adolescentes -- |
| -- |
María Marta Rodríguez / Urgente a(r)mar. Notas sobre adolescencia -- |
| -- |
Lisandro Isasa / Despertar a la urgencia -- |
| -- |
Gabriela Salomón / Clínica de la urgencia. Acting out y pasaje al acto -- |
| -- |
Adriana Soto / La urgencia por supervisar -- |
| -- |
Juan Mitre / Una hospitalidad analítica -- |
| -- |
Pinceladas analíticas en pandemia -- |
| -- |
Alfredo Carballeda y Carlos Tisera / Addenda I. La interdisciplina en la urgencia -- |
| -- |
Mariano Castelli / Addenda II. Evaluación y manejo de las conductas suicidas |
| 650 10 - SUBJECT ADDED ENTRY--TOPICAL TERM |
| 9 (RLIN) |
141 |
| Topical term or geographic name entry element |
Psicoanálisis |
| 650 10 - SUBJECT ADDED ENTRY--TOPICAL TERM |
| 9 (RLIN) |
1367 |
| Topical term or geographic name entry element |
Psiquiatría de urgencia |
| 700 1# - ADDED ENTRY--PERSONAL NAME |
| 9 (RLIN) |
2869 |
| Personal name |
Isasa, Lisandro |
| Relator term |
comp. |
| 700 1# - ADDED ENTRY--PERSONAL NAME |
| 9 (RLIN) |
2845 |
| Personal name |
López, Lucila |
| Relator term |
comp. |
| 700 1# - ADDED ENTRY--PERSONAL NAME |
| 9 (RLIN) |
2870 |
| Personal name |
Belaga, Guillermo |
| Relator term |
aut. |
| 700 1# - ADDED ENTRY--PERSONAL NAME |
| 9 (RLIN) |
2871 |
| Personal name |
Carballeda, Alfredo |
| Relator term |
aut |
| 700 1# - ADDED ENTRY--PERSONAL NAME |
| 9 (RLIN) |
2872 |
| Personal name |
Castelli, Mariano |
| Relator term |
aut. |
| 700 1# - ADDED ENTRY--PERSONAL NAME |
| 9 (RLIN) |
2873 |
| Personal name |
Gamsie, Silvina |
| Relator term |
aut. |
| 700 1# - ADDED ENTRY--PERSONAL NAME |
| 9 (RLIN) |
2874 |
| Personal name |
Mauro, Ricardo |
| Relator term |
aut. |
| 700 1# - ADDED ENTRY--PERSONAL NAME |
| 9 (RLIN) |
2875 |
| Personal name |
Mitre, Juan |
| Relator term |
aut. |
| 700 1# - ADDED ENTRY--PERSONAL NAME |
| 9 (RLIN) |
2876 |
| Personal name |
Pratti, Marianela |
| Relator term |
aut. |
| 700 1# - ADDED ENTRY--PERSONAL NAME |
| 9 (RLIN) |
2877 |
| Personal name |
Reale, Laura |
| Relator term |
aut. |
| 700 1# - ADDED ENTRY--PERSONAL NAME |
| 9 (RLIN) |
2878 |
| Personal name |
Rodríguez, María Marta |
| Relator term |
aut. |
| 700 1# - ADDED ENTRY--PERSONAL NAME |
| 9 (RLIN) |
2879 |
| Personal name |
Rossi, Silvana |
| Relator term |
aut. |
| 700 1# - ADDED ENTRY--PERSONAL NAME |
| 9 (RLIN) |
2880 |
| Personal name |
Salomón, Gabriela |
| Relator term |
aut. |
| 700 1# - ADDED ENTRY--PERSONAL NAME |
| 9 (RLIN) |
2881 |
| Personal name |
Soto, Adriana |
| Relator term |
aut. |
| 700 1# - ADDED ENTRY--PERSONAL NAME |
| 9 (RLIN) |
2882 |
| Personal name |
Tisera, Carlos |
| Relator term |
aut. |
| 700 1# - ADDED ENTRY--PERSONAL NAME |
| 9 (RLIN) |
2883 |
| Personal name |
Tomé, Inés |
| Relator term |
aut. |
| 700 1# - ADDED ENTRY--PERSONAL NAME |
| 9 (RLIN) |
2884 |
| Personal name |
Vaschetto, Emilio |
| Relator term |
pro. |
| 942 ## - ADDED ENTRY ELEMENTS (KOHA) |
| Source of classification or shelving scheme |
|
| Koha item type |
Libros |
| Edition |
22 |